[Event "ICS Rated blitz match"]
[Site "204.178.125.65"]
[Date "1999.08.15"]
[Round "?"]
[White "Hossa"]
[Black "corruptor"]
[Result "0-1"]
[WhiteElo "2424"]
[BlackElo "2677"]
[PlyCount "150"]
[EventDate "1999.??.??"]

1. d4 d5 2. c4 dxc4 3. e4 Nf6 4. e5 Nd5 5. Bxc4 Nb6 6. Bb3 Nc6 7. Ne2 Bf5 8.
Nbc3 e6 9. a3 Be7 10. Ba2 O-O 11. O-O Qd7 12. Be3 Rfd8 13. f4 Na5 14. a4 Nac4
15. Bc1 c5 16. Bxc4 Nxc4 17. dxc5 Bxc5+ 18. Kh1 Qxd1 19. Rxd1 Rxd1+ 20. Nxd1
Rd8 21. Ndc3 Nd2 22. Bxd2 Rxd2 23. Rd1 Rxb2 24. Rd8+ Bf8 25. h3 h5 26. Nd4 Bh7
27. Kh2 Bg6 28. Kg3 Rb4 29. Nde2 a6 30. Rb8 Bd3 31. Nc1 Bc4 32. a5 g6 33. Ne4
Rb1 34. Nf6+ Kg7 35. Ne8+ Kh6 36. Nd6 Bxd6 37. exd6 Bb5 38. Rc8 Bc6 39. Rd8 Kg7
40. Rc8 Rb5 41. Ne2 Rd5 42. Rd8 Rd2 43. d7 Kf6 44. Kf2 Ke7 45. Rh8 Bxd7 46. Rb8
Bb5 47. Rxb7+ Kd6 48. Rxf7 Rxe2+ 49. Kf3 Ra2 50. Rg7 Bc6+ 51. Ke3 Rxg2 52. h4
Rg3+ 53. Kd4 Rf3 54. Rf7 Rh3 55. Rf8 Rxh4 56. Ke3 Rh3+ 57. Kd2 Rf3 58. Rb8 Rxf4
59. Rb6 g5 60. Rxa6 h4 61. Ra7 h3 62. Rh7 Rh4 63. Rf7 h2 64. Rf1 h1=Q 65. Rxh1
Bxh1 66. Kd1 g4 67. Ke1 g3 68. Kd1 g2 69. Kc2 g1=Q 70. a6 Qf2+ 71. Kb1 Rb4+ 72.
Kc1 Qb2+ 73. Kd1 Rd4+ 74. Ke1 Rd2 75. Kf1 75... Qb1# {Hossa checkmated} 0-1

[Event "ICS rated blitz match"]
[Site "204.178.125.65"]
[Date "1999.08.15"]
[Round "?"]
[White "Hossa"]
[Black "PostModernist"]
[Result "1/2-1/2"]
[WhiteElo "2418"]
[BlackElo "2486"]
[PlyCount "50"]
[EventDate "1999.??.??"]

1. d4 Nf6 2. c4 e6 3. Nf3 c5 4. Bg5 cxd4 5. Nxd4 Bc5 6. Nc3 O-O 7. e4 Qb6 8.
Na4 Qa5+ 9. Bd2 Bb4 10. Nc3 Qb6 11. Ndb5 Bxc3 12. Nxc3 Qxb2 13. Rb1 Qa3 14. Nb5
Qc5 15. Bb4 Qe5 16. Bxf8 Nxe4 17. Bxg7 Qxg7 18. Qd3 a6 19. Nc7 Qe5 20. Nxa8
Qa5+ 21. Ke2 Qxa2+ 22. Ke1 Qa5+ 23. Ke2 Qa2+ 24. Ke1 Qa5+ 25. Ke2 25... Qa2+ {
Game drawn by repetition} 1/2-1/2

[Event "ICS rated blitz match"]
[Site "204.178.125.65"]
[Date "1999.08.15"]
[Round "?"]
[White "danger"]
[Black "Hossa"]
[Result "1-0"]
[WhiteElo "2231"]
[BlackElo "2421"]
[PlyCount "113"]
[EventDate "1999.??.??"]

1. e4 e5 2. Nf3 Nf6 3. d3 Nc6 4. Be2 d5 5. Nbd2 Bc5 6. O-O O-O 7. c3 Be6 8. Re1
Qd6 9. Qc2 Ng4 10. Rf1 f5 11. b4 Bxf2+ 12. Rxf2 Nxf2 13. Kxf2 fxe4 14. dxe4 a5
15. exd5 Bxd5 16. Bc4 Bxc4 17. Nxc4 Qe6 18. Qe4 axb4 19. cxb4 Ra4 20. a3 b5 21.
Nb2 Ra6 22. Nd3 Qc4 23. Qxc4+ bxc4 24. Nc5 Raa8 25. Bb2 Rae8 26. Re1 Rf5 27.
Re4 Kf7 28. Rxc4 Ke7 29. Nd3 Kd6 30. Re4 Kd5 31. Nc5 Rd8 32. Ke3 Re8 33. Nd7
Kd6 34. Ndxe5 Nxe5 35. Nxe5 Rexe5 36. Rxe5 Rxe5+ 37. Bxe5+ Kxe5 38. g4 Kd5 39.
Kd3 c5 40. b5 c4+ 41. Kc3 Kc5 42. a4 h6 43. h4 g6 44. b6 Kxb6 45. Kxc4 Kc6 46.
Kd4 Kd6 47. a5 Kd7 48. Ke5 Ke7 49. a6 Kd7 50. a7 Kc7 51. a8=Q Kb6 52. Qd5 Kc7
53. Ke6 Kb6 54. Kd7 Ka7 55. Qb5 h5 56. Kc7 Ka8 57. Qb7# {Hossa checkmated} 1-0

[Event "ICS rated blitz match"]
[Site "204.178.125.65"]
[Date "1999.08.15"]
[Round "?"]
[White "Talmoves"]
[Black "Hossa"]
[Result "1-0"]
[WhiteElo "2546"]
[BlackElo "2408"]
[PlyCount "94"]
[EventDate "1999.??.??"]

1. e4 e5 2. Nf3 Nf6 3. d4 Nxe4 4. Bd3 d5 5. Nxe5 Nd7 6. Nxd7 Bxd7 7. O-O Qh4 8.
c4 Bd6 9. g3 Qf6 10. cxd5 Ng5 11. Re1+ Be7 12. Bxg5 Qxg5 13. Re5 f5 14. h4 Qf6
15. Qh5+ Kd8 16. Nd2 Bc5 17. Nf3 Bxd4 18. Re2 g6 19. Qg5 Kc8 20. Rb1 Qb6 21.
Rc2 Bc5 22. Ne5 Ba4 23. b3 Bd7 24. Rbc1 h6 25. Qxg6 Bxf2+ 26. Kg2 Bd4 27. Qg7
Rd8 28. Bxf5 Bxf5 29. Rxc7+ Kb8 30. Nd7+ Bxd7 31. Qxd7 a6 32. Qxd8+ Ka7 33. Qe7
Rb8 34. d6 Qa5 35. Qe6 Qxa2+ 36. R7c2 Qa3 37. Rd1 Bc5 38. d7 Rd8 39. Qe5 Be7
40. Qd4+ Kb8 41. Rdc1 Bc5 42. Rxc5 Qxc5 43. Qxc5 Rxd7 44. Qc8+ Ka7 45. Qxd7 a5
46. Rc7 a4 47. Qb5 47... Kb8 {Hossa resigns} 1-0

[Event "ICS rated blitz match"]
[Site "204.178.125.65"]
[Date "1999.08.15"]
[Round "?"]
[White "Hossa"]
[Black "danger"]
[Result "1-0"]
[WhiteElo "2398"]
[BlackElo "2235"]
[PlyCount "37"]
[EventDate "1999.??.??"]

1. d4 d5 2. c4 c6 3. Nc3 Nf6 4. cxd5 cxd5 5. f3 g6 6. e4 dxe4 7. fxe4 Bg7 8.
Nf3 O-O 9. Be2 Bg4 10. O-O Nc6 11. Be3 Re8 12. d5 Bxf3 13. Bxf3 Ne5 14. Rc1 Qd7
15. Be2 a6 16. Bf4 Nfg4 17. h3 g5 18. Bxg5 Bh6 19. Qd2 {danger resigns} 1-0

[Event "ICS rated blitz match"]
[Site "204.178.125.65"]
[Date "1999.08.15"]
[Round "?"]
[White "thehammmer"]
[Black "Hossa"]
[Result "0-1"]
[WhiteElo "2004"]
[BlackElo "2407"]
[PlyCount "28"]
[EventDate "1999.??.??"]

1. e4 e5 2. Nf3 Nf6 3. d4 Nxe4 4. Nxe5 d6 5. Nf3 d5 6. Bd3 Bg4 7. c4 Bb4+ 8.
Kf1 Nc6 9. cxd5 Qxd5 10. Qe2 f5 11. Nc3 Bxc3 12. bxc3 O-O-O 13. Rb1 Nxc3 14.
Qc2 14... Bxf3 {thehammmer resigns} 0-1

[Event "ICS rated blitz match"]
[Site "204.178.125.65"]
[Date "1999.08.15"]
[Round "?"]
[White "Hossa"]
[Black "dwg6"]
[Result "1-0"]
[WhiteElo "2410"]
[BlackElo "2316"]
[PlyCount "127"]
[EventDate "1999.??.??"]

1. e4 g6 2. Nc3 Bg7 3. f4 c6 4. d4 d5 5. Nge2 dxe4 6. Nxe4 Nd7 7. g4 Ngf6 8.
Nf2 Nb6 9. Bh3 h5 10. g5 Ng4 11. Ne4 Bf5 12. Bg2 Nd5 13. Qd3 Nb4 14. Qc4 Nd5
15. Qb3 Qb6 16. c4 Qxb3 17. axb3 Nde3 18. Bxe3 Nxe3 19. Bf3 Nc2+ 20. Kf2 Nxa1
21. Rxa1 Bxe4 22. Bxe4 a6 23. Ke3 O-O-O 24. b4 e6 25. h4 Rd7 26. Ra3 Rhd8 27.
Rd3 Bf8 28. Rb3 Kc7 29. Bc2 b5 30. c5 Bg7 31. Rd3 Rd5 32. Bb3 R5d7 33. Bc2 Ra8
34. Ra3 Kb7 35. Ra1 Ra7 36. Be4 Bf8 37. Nc1 Rd8 38. Nb3 Rc8 39. Na5+ Kb8 40.
Nxc6+ Rxc6 41. Bxc6 Be7 42. Ke4 Bd8 43. Ra2 Kc8 44. Bxb5 Kb7 45. Bc4 a5 46. b5
a4 47. d5 exd5+ 48. Bxd5+ Kb8 49. b6 Ra5 50. b4 Ra6 51. Bxf7 a3 52. Bxg6 Bxb6
53. cxb6 Rxb6 54. Bf7 Rxb4+ 55. Kf3 Rb3+ 56. Bxb3 Kc7 57. Rxa3 Kb6 58. Ra8 Kb7
59. Rh8 Kb6 60. Rxh5 Kb5 61. g6+ Kb4 62. g7 Kxb3 63. g8=Q+ Kc3 64. Qc8+ {
dwg6 resigns} 1-0

[Event "ICS rated blitz match"]
[Site "204.178.125.65"]
[Date "1999.08.15"]
[Round "?"]
[White "Hossa"]
[Black "libertad"]
[Result "1-0"]
[WhiteElo "2422"]
[BlackElo "2066"]
[PlyCount "101"]
[EventDate "1999.??.??"]

1. e4 d5 2. exd5 Nf6 3. d4 e6 4. Bb5+ c6 5. dxc6 bxc6 6. Bc4 Bb4+ 7. c3 Bd6 8.
Bg5 Be7 9. Ne2 Nbd7 10. O-O Nb6 11. Bd3 O-O 12. Nd2 h6 13. Be3 Nfd5 14. c4 Nxe3
15. fxe3 f5 16. Nf4 g5 17. Ng6 Rf6 18. Qh5 Kg7 19. Nxe7 Qxe7 20. Nf3 Nd7 21.
Nxg5 hxg5 22. Qxg5+ Kf8 23. Qh5 Qf7 24. Qf3 Bb7 25. Qf4 Ke7 26. Qc7 Rb8 27. Rf2
Qe8 28. Raf1 Qd8 29. Qg3 Qg8 30. Qh4 Qg7 31. b4 Rh8 32. Qf4 Qh6 33. Qxh6 Rfxh6
34. g3 Nf6 35. Re2 Ng4 36. h4 Nf6 37. Kh2 Rg6 38. c5 Rhg8 39. Rf3 Nh5 40. Rg2
Kf6 41. e4 Ng7 42. g4 Bc8 43. g5+ Ke7 44. Re3 Nh5 45. exf5 R6g7 46. f6+ Nxf6
47. gxf6+ Kxf6 48. Rf3+ Ke7 49. Rxg7+ Rxg7 50. Rg3 Rh7 51. Bxh7 {
libertad resigns} 1-0

[Event "ICS rated blitz match"]
[Site "204.178.125.65"]
[Date "1999.08.15"]
[Round "?"]
[White "libertad"]
[Black "Hossa"]
[Result "0-1"]
[WhiteElo "2062"]
[BlackElo "2426"]
[PlyCount "56"]
[EventDate "1999.??.??"]

1. e4 e5 2. Nf3 Nf6 3. Nc3 Bb4 4. Bb5 c6 5. Ba4 Qa5 6. Bb3 Bxc3 7. dxc3 Nxe4 8.
O-O d6 9. Re1 f5 10. Bg5 Qc7 11. Bh4 Na6 12. Ng5 Nxg5 13. Bxg5 Nc5 14. f4 e4
15. Qd4 Nxb3 16. axb3 a6 17. g4 d5 18. c4 h6 19. Bh4 Qxf4 20. cxd5 Qxg4+ 21.
Bg3 cxd5 22. Qxd5 Rf8 23. Qe5+ Kf7 24. Rad1 Kg8 25. h3 Qxh3 26. Re3 Qg4 27. Rd6
f4 28. Qxe4 28... fxe3 {libertad resigns} 0-1

[Event "ICS rated blitz match"]
[Site "204.178.125.65"]
[Date "1999.08.16"]
[Round "?"]
[White "Hossa"]
[Black "Talmoves"]
[Result "0-1"]
[WhiteElo "2430"]
[BlackElo "2567"]
[PlyCount "150"]
[EventDate "1999.??.??"]

1. e4 e5 2. Nf3 Nc6 3. Bc4 Bc5 4. c3 Nf6 5. d4 exd4 6. cxd4 Bb4+ 7. Nc3 Nxe4 8.
Qb3 O-O 9. O-O Bxc3 10. bxc3 Na5 11. Bxf7+ Rxf7 12. Qd5 Nxc3 13. Qxa5 Ne2+ 14.
Kh1 Rxf3 15. gxf3 Nxd4 16. Qd5+ Ne6 17. f4 Qh4 18. f5 Qd4 19. Rd1 Qxd5+ 20.
Rxd5 b6 21. f3 Nc5 22. Re5 Bb7 23. Kg2 Rf8 24. Be3 Nd3 25. Re7 Rxf5 26. Bd4
Nf4+ 27. Kf1 Ne6 28. Bf2 Bc6 29. Rc1 Rf6 30. Re8+ Kf7 31. Rc8 Rxf3 32. Rd1 Bb5+
33. Kg2 Rc3 34. h4 Rc2 35. Ra1 g5 36. hxg5 Nxg5 37. Rb1 Ba6 38. Rd8 Ke7 39. Rh8
Rxa2 40. Re1+ Kd6 41. Rd1+ Kc6 42. Rc1+ Kb7 43. Rf8 Ne4 44. Re1 Bd3 45. Re3 Rd2
46. Rf4 d5 47. Rff3 Nxf2 48. Rxf2 Be4+ 49. Kg1 Rxf2 50. Kxf2 c5 51. Rb3 Kc6 52.
Ra3 a5 53. Kg3 c4 54. Ra2 Kc5 55. Kf4 Bg6 56. Ra4 d4 57. Ra2 Bb1 58. Rb2 Bd3
59. Rg2 a4 60. Rg5+ Kb4 61. Ke5 a3 62. Rg8 c3 63. Rg4 c2 64. Rg1 Kc3 65. Rh1 b5
66. Kd5 Bc4+ 67. Ke5 d3 68. Ra1 d2 69. Rxa3+ Kb2 70. Ra8 d1=Q 71. Ra7 c1=B 72.
Kf6 Qd6+ 73. Kg7 Qh6+ 74. Kh8 Qf8+ 75. Kxh7 75... Qh6# {Hossa checkmated} 0-1

[Event "ICS rated blitz match"]
[Site "204.178.125.65"]
[Date "1999.08.16"]
[Round "?"]
[White "Hossa"]
[Black "inmichess"]
[Result "0-1"]
[WhiteElo "2424"]
[BlackElo "2434"]
[PlyCount "125"]
[EventDate "1999.??.??"]

1. d4 e6 2. e4 c5 3. Nc3 cxd4 4. Qxd4 Nc6 5. Qd3 Nf6 6. Be3 Ng4 7. O-O-O Bb4 8.
Nge2 O-O 9. f3 Nxe3 10. Qxe3 Qa5 11. g4 Rd8 12. a3 Be7 13. Nf4 Bc5 14. Qe1 Ne5
15. Bg2 Nc4 16. Nce2 Be3+ 17. Kb1 Bd2 18. Rxd2 Qxd2 19. Qxd2 Nxd2+ 20. Kc1 Nc4
21. Nc3 d5 22. exd5 e5 23. Nd3 Ne3 24. Rg1 Nxd5 25. Nxe5 Nxc3 26. bxc3 a5 27.
g5 Ra6 28. c4 f6 29. gxf6 Rxf6 30. Re1 Rh6 31. Rh1 Rh4 32. Ng4 h5 33. Ne3 Bh3
34. Rg1 Bxg2 35. Rxg2 Rf8 36. Rf2 Rhf4 37. c5 g6 38. Kb2 Kh7 39. Rg2 Re8 40.
Nf1 Rxf3 41. Nd2 Rf5 42. Nb3 a4 43. Nd4 Rxc5 44. h4 Rc4 45. Rd2 Kh6 46. c3 Re3
47. Rf2 Rexc3 48. Rf6 Rh3 49. Nf5+ Kh7 50. Rf7+ Kg8 51. Nh6+ Kh8 52. Rxb7 Rh2+
53. Kb1 Rf4 54. Rf7 Rff2 55. Rxf2 Rxf2 56. Kc1 Kg7 57. Nf7 Rxf7 58. Kd2 g5 59.
hxg5 h4 60. Ke2 h3 61. Ke3 h2 62. Kd2 h1=Q 63. Kd3 {Hossa resigns} 0-1

[Event "ICS rated blitz match"]
[Site "204.178.125.65"]
[Date "1999.08.16"]
[Round "?"]
[White "pagoda"]
[Black "Hossa"]
[Result "0-1"]
[WhiteElo "2039"]
[BlackElo "2408"]
[PlyCount "44"]
[EventDate "1999.??.??"]

1. e3 g6 2. f4 d5 3. Nf3 Bf5 4. Nc3 Bg7 5. h3 Nc6 6. Bb5 a6 7. Bxc6+ bxc6 8. d4
Nf6 9. O-O Qc8 10. Bd2 Rb8 11. Rb1 O-O 12. Ne5 Qe6 13. Be1 Ne4 14. Na4 f6 15.
Nd3 Qc8 16. Nac5 Nxc5 17. Nxc5 e5 18. fxe5 fxe5 19. Bg3 exd4 20. exd4 Bxh3 21.
gxh3 Qxh3 22. Bxc7 22... Rxf1+ {pagoda resigns} 0-1

[Event "ICS rated blitz match"]
[Site "204.178.125.65"]
[Date "1999.08.16"]
[Round "?"]
[White "PostModernist"]
[Black "Hossa"]
[Result "1/2-1/2"]
[WhiteElo "2497"]
[BlackElo "2411"]
[PlyCount "156"]
[EventDate "1999.??.??"]

1. d4 d5 2. c4 c6 3. Nf3 Nf6 4. e3 e6 5. Nc3 Bd6 6. Qc2 Nbd7 7. b3 e5 8. cxd5
Nxd5 9. Bb2 Bb4 10. Bc4 exd4 11. Nxd4 Nxc3 12. Bxc3 Qa5 13. Bxb4 Qxb4+ 14. Qd2
Qxd2+ 15. Kxd2 Ne5 16. Be2 Bg4 17. f4 Bxe2 18. Kxe2 Ng6 19. Nf5 O-O 20. Nd6 b6
21. Rac1 c5 22. Rhd1 Rad8 23. g3 f5 24. h3 h5 25. b4 cxb4 26. Rc7 Ra8 27. Rd5
Rfd8 28. Rd4 Rf8 29. Rxb4 Rf6 30. Nc8 Rf7 31. Rbc4 Nf8 32. Rxf7 Kxf7 33. Nd6+
Kf6 34. Rc8 Rxc8 35. Nxc8 Ne6 36. Nxa7 Nc5 37. Nc8 b5 38. Nd6 b4 39. Ne8+ Kf7
40. Nc7 Kg6 41. Nd5 b3 42. axb3 Nxb3 43. Kd3 Kh6 44. Ne7 g6 45. Nd5 Nc5+ 46.
Kd4 Nb3+ 47. Kc3 Nc5 48. Nf6 Kg7 49. Kc4 Nb7 50. Nd5 Nd6+ 51. Kd4 Ne4 52. g4
hxg4 53. hxg4 Kf7 54. gxf5 gxf5 55. Ke5 Ng3 56. Nb6 Kg6 57. Nc8 Kh5 58. Nd6 Kg4
59. e4 fxe4 60. Nxe4 Nh5 61. f5 Kh4 62. Nc5 Kg5 63. Ne6+ Kh6 64. Nf4 Nxf4 65.
Kxf4 Kg7 66. Ke5 Kf7 67. f6 Kf8 68. Ke4 Kf7 69. Kf5 Kf8 70. Ke5 Kf7 71. Kf5 Kf8
72. Kg6 Kg8 73. Kh5 Kf7 74. Kg5 Kf8 75. Kh6 Kf7 76. Kg5 Kf8 77. Kf4 Kf7 78. Kg5
78... Kf8 {Game drawn by repetition} 1/2-1/2

[Event "ICS rated blitz match"]
[Site "204.178.125.65"]
[Date "1999.08.16"]
[Round "?"]
[White "Hossa"]
[Black "PostModernist"]
[Result "0-1"]
[WhiteElo "2415"]
[BlackElo "2493"]
[PlyCount "74"]
[EventDate "1999.??.??"]

1. d4 Nf6 2. Nf3 e6 3. c4 c5 4. Bg5 cxd4 5. Nxd4 Bc5 6. Nb5 O-O 7. e3 a6 8.
N5c3 d5 9. cxd5 exd5 10. Bxf6 Qxf6 11. Qxd5 Bd6 12. Bd3 Nc6 13. Qh5 g6 14. Qh6
Rd8 15. Bc2 Ne5 16. Ne4 Nf3+ 17. gxf3 Qxb2 18. Ng5 Qc1+ 19. Ke2 Qxc2+ 20. Kf1
Be6 21. Kg2 Bxa2 22. e4 Be5 23. Na3 Qb3 24. Rab1 Qxa3 25. Rxb7 Bg7 26. Qxh7+
Kf8 27. Ra1 Qc5 28. f4 Qc8 29. Rab1 Qg4+ 30. Kh1 Rd1+ 31. Rxd1 Qxd1+ 32. Kg2
Qg4+ 33. Kh1 Rd8 34. Rb8 Rxb8 35. Qxg7+ Kxg7 36. h3 Rb1+ 37. Kh2 37... Qg1# {
Hossa checkmated} 0-1

[Event "ICS rated blitz match"]
[Site "204.178.125.65"]
[Date "1999.08.16"]
[Round "?"]
[White "Hossa"]
[Black "ComputoJon"]
[Result "1-0"]
[WhiteElo "2403"]
[BlackElo "2279"]
[Annotator "Fritz 5.32 (15s)"]
[PlyCount "23"]
[EventDate "1999.??.??"]

1. d4 1... Nf6 {Opening = A58 - 4.cb5 a6 5.ba6(Ba6 6.Nc3 d6 7.---)} 2. c4 c5 3.
d5 b5 4. cxb5 a6 5. bxa6 g6 6. e4 (6. Nf3 Bg7 7. g3 O-O 8. Bg2 d6 9. Nc3 Nxa6
10. O-O Nc7 11. Re1 Ba6 12. e4 Nb5 13. Nxb5 Bxb5 14. e5 Ng4 15. Bf4 Qb8 16.
exd6 exd6 17. Qd2 Bc4 18. Rac1 Bxa2 19. Rxc5 Rd8 20. b4 Bb3 21. Ra5 Qb7 22. Rb1
Bc4 23. Rc1 {- Lalic,B-Vaisser,A/Biel 1989/EXT 97 (23)}) 6... Nxe4 7. Qa4 Nf6
8. a7 8... Nxd5 $2 $18 (8... Na6 $1 $11 $142 {und Schwarz kann noch kaempfen}
9. Nf3 Bg7 10. Bxa6 Rxa7 11. Nc3 O-O 12. Qc4 Bxa6 13. Qxc5 Qb8 14. a4 Rc8 15.
Qa3 Rb7 16. a5 Rb3 17. Qa2 Ng4 18. h3 Ne5 19. Nxe5 Bxe5 20. f4 Bxc3+ 21. bxc3
Rbxc3 22. Bd2 Rc2 23. Qb1 Rxd2 24. Qxb8 24... Re2+ {
0-1 Comp Kasparov's Gambit-Wolff,P/Boston 1993/EXT 98 (24)}) 9. axb8=Q Rxb8 10.
Bc4 (10. Nd2 10... Bb7 $18) 10... Nb6 $4 {ein Versehen in unangenehmer Stellung
} (10... Bb7 $142 11. Nf3 11... Nb6 $16) 11. Bxf7+ $1 {
und der Wal spuckt Jonas wieder aus} 11... Kxf7 12. Qf4+ (12. Qf4+ Kg8 13. Qxb8
$18) 1-0

[Event "ICS rated blitz match"]
[Site "204.178.125.65"]
[Date "1999.08.16"]
[Round "?"]
[White "DrHugoELO"]
[Black "Hossa"]
[Result "0-1"]
[WhiteElo "2227"]
[BlackElo "2414"]
[PlyCount "120"]
[EventDate "1999.??.??"]

1. d4 d5 2. Nc3 Nf6 3. Bg5 Bf5 4. Bxf6 exf6 5. e3 c6 6. Bd3 Bxd3 7. Qxd3 Bb4 8.
O-O-O Bxc3 9. Qxc3 O-O 10. h4 Nd7 11. Ne2 Re8 12. Qd3 Nb6 13. Kb1 Nc4 14. b3
Na3+ 15. Kb2 Qe7 16. g4 Nb5 17. a4 Qa3+ 18. Kb1 Nd6 19. Ng3 b5 20. a5 Qxa5 21.
Kb2 Reb8 22. Ra1 Nc4+ 23. Kb1 Nd2+ 24. Kb2 Qb4 25. Rhd1 Nc4+ 26. Kc1 Nb6 27. g5
Qe7 28. Nf5 Qe6 29. Rg1 Kh8 30. gxf6 g6 31. Ng3 Qxf6 32. h5 Qxf2 33. Kb2 Nc4+
34. Ka2 Nxe3 35. hxg6 Nxc2 36. Raf1 Nb4+ 37. Ka3 Nxd3 38. Rxf2 Nxf2 39. gxf7
Rf8 40. Rg2 Rxf7 41. Nh5 Rg8 42. Rxf2 Rxf2 43. Kb4 Rg5 44. Kc5 Rc2+ 45. Kd6
Rxh5 46. Kc7 Rh4 47. b4 Rf4 48. Kd6 Rxd4 49. Ke5 Re4+ 50. Kd6 Kg7 51. Kc7 Kf6
52. Kd6 Rxb4 53. Kc7 d4 54. Kd6 d3 55. Kc7 Ra4 56. Kb7 d2 57. Kc7 d1=Q 58. Kb7
Qd7+ 59. Kb8 Ke7 60. Ka8 60... Qc8# {DrHugoELO checkmated} 0-1

[Event "ICS Rated blitz match"]
[Site "204.178.125.65"]
[Date "1999.08.16"]
[Round "?"]
[White "Hossa"]
[Black "DrHugoELO"]
[Result "1-0"]
[WhiteElo "2422"]
[BlackElo "2219"]
[PlyCount "87"]
[EventDate "1999.??.??"]

1. d4 c5 2. d5 e5 3. Nc3 d6 4. e4 Be7 5. f4 Bf6 6. Nf3 Nd7 7. fxe5 Nxe5 8. Bb5+
Bd7 9. O-O a6 10. Bxd7+ Qxd7 11. Nxe5 Bxe5 12. Qe2 Nf6 13. Bg5 O-O 14. Rae1
Rfe8 15. Bxf6 Bxf6 16. Qf3 Re7 17. b3 Rae8 18. Nb1 b5 19. a3 a5 20. c3 b4 21.
axb4 axb4 22. cxb4 cxb4 23. Kh1 Qb5 24. Nd2 Bc3 25. Nc4 Bxe1 26. Nxd6 Qxf1+ 27.
Qxf1 Bc3 28. Nxe8 Rxe8 29. Qb5 Ra8 30. g4 g6 31. g5 Kg7 32. d6 Ra1+ 33. Kg2 Rd1
34. e5 Rd2+ 35. Kg3 h6 36. h4 hxg5 37. hxg5 Rd4 38. Kf3 Bd2 39. e6 Rf4+ 40. Ke2
Bc3 41. e7 Re4+ 42. Kf3 Re6 43. d7 Rxe7 44. d8=Q {DrHugoELO resigns} 1-0

[Event "ICS rated blitz match"]
[Site "204.178.125.65"]
[Date "1999.08.16"]
[Round "?"]
[White "Zamok"]
[Black "Hossa"]
[Result "1/2-1/2"]
[WhiteElo "2048"]
[BlackElo "2430"]
[PlyCount "80"]
[EventDate "1999.??.??"]

1. e4 e5 2. Nf3 Nc6 3. Bb5 a6 4. Bxc6 dxc6 5. O-O Bg4 6. h3 Bh5 7. d3 Qf6 8.
Nbd2 O-O-O 9. Nc4 Bxf3 10. Qxf3 Qxf3 11. gxf3 f6 12. f4 exf4 13. Bxf4 Bd6 14.
Be3 b5 15. Na5 Ne7 16. Kg2 Rhe8 17. f4 Bb4 18. Nb3 Bd6 19. a4 Nf5 20. Bd2 Nh4+
21. Kg3 Ng6 22. axb5 axb5 23. Ra7 Kd7 24. Kg4 c5 25. Be3 c4 26. Nd4 Bc5 27. Ra6
Bxd4 28. Bxd4 cxd3 29. cxd3 Kc8 30. Ra8+ Kb7 31. Ra7+ Kb8 32. Rc1 h5+ 33. Kf3
Rxd4 34. Rcxc7 Rxd3+ 35. Kf2 Nxf4 36. Rab7+ Ka8 37. Ra7+ Kb8 38. Rab7+ Ka8 39.
Ra7+ Kb8 40. Rab7+ 40... Ka8 {Game drawn by repetition} 1/2-1/2

[Event "ICS rated blitz match"]
[Site "204.178.125.65"]
[Date "1999.08.16"]
[Round "?"]
[White "Hossa"]
[Black "NEONbot"]
[Result "0-1"]
[WhiteElo "2427"]
[BlackElo "2426"]
[PlyCount "128"]
[EventDate "1999.??.??"]

1. d4 e6 2. e4 d5 3. exd5 exd5 4. Bd3 c5 5. Nf3 Nc6 6. a3 c4 7. Be2 Qa5+ 8. c3
Bd6 9. O-O Nf6 10. Bg5 Ne4 11. Re1 O-O 12. Nbd2 Nxg5 13. Nxg5 h6 14. Ngf3 Re8
15. Nf1 Be6 16. Ne3 Qb6 17. Rb1 Bf4 18. Qc2 Bxe3 19. fxe3 Bg4 20. Nd2 Bxe2 21.
Rxe2 Qb5 22. e4 Re6 23. Rf1 f6 24. Ref2 Rd8 25. Rf4 Rd7 26. Rf5 Ne7 27. R5f3
Rd8 28. exd5 Nxd5 29. Rg3 Rd7 30. Qf5 Rde7 31. a4 Qc6 32. Qh5 Kf8 33. Rgf3 Ne3
34. R1f2 Qxa4 35. Nf1 Nd1 36. Rd2 Re1 37. Qc5 Kg8 38. Qc8+ Kf7 39. Qc5 Ne3 40.
Rdf2 Qa1 41. h3 b6 42. Qc6 Qb1 43. Rf4 Qd1 44. R4f3 Qd3 45. Rf4 Rb1 46. R4f3 h5
47. Qb5 Qh7 48. Re2 Qh6 49. Qc6 Ra1 50. Qd6 Qg5 51. Qd8 Rb1 52. Qc8 h4 53. Qa6
b5 54. Qa2 Re1 55. Rff2 Nxf1 56. Rxe7+ Kxe7 57. Qxa7+ Ke8 58. Qb8+ Kf7 59. Qc7+
Kg6 60. g4 Ne3+ 61. Kh2 Qd5 62. Rxf6+ gxf6 63. Qg7+ Kxg7 64. b3 64... Qd6# {
Hossa checkmated} 0-1

[Event "ICS rated blitz match"]
[Site "204.178.125.65"]
[Date "1999.08.16"]
[Round "?"]
[White "NEONbot"]
[Black "Hossa"]
[Result "1/2-1/2"]
[WhiteElo "2442"]
[BlackElo "2411"]
[PlyCount "166"]
[EventDate "1999.??.??"]

1. c4 e6 2. Nc3 d5 3. d4 Bb4 4. a3 Bxc3+ 5. bxc3 Ne7 6. e3 O-O 7. Nf3 Nd7 8.
cxd5 exd5 9. Bd3 c5 10. Qc2 Ng6 11. O-O Nb6 12. dxc5 Nd7 13. c4 Nxc5 14. Rd1
Nxd3 15. Qxd3 Qf6 16. Bd2 Bg4 17. Bc3 dxc4 18. Qxc4 Qe6 19. Qd4 f6 20. Ng5 Qf5
21. Qc4+ Kh8 22. Nf7+ Rxf7 23. Qxf7 Bxd1 24. Rxd1 Qe4 25. Bb4 b6 26. h3 Nh4 27.
Qd5 Qxd5 28. Rxd5 Rb8 29. Kh2 a5 30. Bc3 Kg8 31. Rb5 a4 32. Bd4 Ng6 33. Kg3 Kf7
34. Rxb6 Rxb6 35. Bxb6 Ne5 36. f3 Ke6 37. e4 h5 38. Kh4 g6 39. Be3 Nc4 40. Bc5
Ke5 41. Bb4 Kf4 42. Bf8 f5 43. exf5 Kxf5 44. Bb4 Nb2 45. g4+ hxg4 46. fxg4+ Kf4
47. Bd6+ Ke4 48. Kg5 Nc4 49. Be7 Ne5 50. h4 Kf3 51. h5 gxh5 52. gxh5 Nf7+ 53.
Kg6 Ne5+ 54. Kg7 Ng4 55. h6 Nxh6 56. Bc5 Ng4 57. Kf7 Kf4 58. Ke6 Ke4 59. Bb6
Ne5 60. Bc5 Nd3 61. Bf8 Nc1 62. Kd6 Nb3 63. Kc6 Nd4+ 64. Kb6 Ne2 65. Bg7 Nd4
66. Bxd4 Kxd4 67. Kb5 Kd5 68. Ka5 Kd4 69. Kb4 Kd5 70. Kb5 Kd4 71. Ka5 Kd5 72.
Kb4 Kd4 73. Kxa4 Kc5 74. Ka5 Kc4 75. a4 Kc5 76. Ka6 Kc6 77. Ka5 Kc5 78. Ka6 Kc6
79. a5 Kc7 80. Ka7 Kc6 81. a6 Kc7 82. Ka8 Kb6 83. a7 83... Kc7 {
NEONbot stalemated} 1/2-1/2

[Event "ICS rated blitz match"]
[Site "204.178.125.65"]
[Date "1999.08.16"]
[Round "?"]
[White "Hossa"]
[Black "NEONbot"]
[Result "0-1"]
[WhiteElo "2412"]
[BlackElo "2441"]
[PlyCount "122"]
[EventDate "1999.??.??"]

1. d4 d5 2. Nf3 Bg4 3. Ne5 Bf5 4. g4 Bc8 5. e3 f6 6. Nd3 Nc6 7. f4 e5 8. fxe5
fxe5 9. dxe5 Qh4+ 10. Nf2 Nh6 11. h3 Bb4+ 12. c3 O-O 13. Qxd5+ Kh8 14. Qg2 Be7
15. Be2 Nxg4 16. Bxg4 Bxg4 17. hxg4 Rxf2 18. Rxh4 Rxg2 19. Rh5 g6 20. Rh1 Nxe5
21. Kf1 Rxg4 22. Rh2 Rf8+ 23. Ke2 Rg1 24. Nd2 Bg5 25. b3 Ng4 26. Rh3 Bxe3 27.
Rxe3 Rg2+ 28. Kd3 Rd8+ 29. Ke4 Re8+ 30. Kf3 Nxe3 31. Nc4 Nc2 32. Kxg2 Nxa1 33.
Be3 Kg7 34. Bd4+ Kh6 35. Kg3 Nc2 36. Bf2 Kh5 37. Kh3 b6 38. Bg3 c5 39. Nd6 Re3
40. Nb5 h6 41. Nxa7 Rxc3 42. Nb5 Rd3 43. Nc7 Nb4 44. Ne6 g5 45. a4 Rxb3 46.
Ng7+ Kg6 47. Ne6 Ra3 48. a5 Rxa5 49. Bc7 Nd5 50. Bd6 h5 51. Bg3 Ra3 52. Kg2 Kf5
53. Ng7+ Kg4 54. Bd6 Ra2+ 55. Kf1 Ne3+ 56. Kg1 Kf3 57. Be5 Rg2+ 58. Kh1 Ng4 59.
Bg3 Rxg3 60. Ne6 Nf2+ 61. Kh2 61... Rg2# {Hossa checkmated} 0-1

[Event "ICS rated blitz match"]
[Site "204.178.125.65"]
[Date "1999.08.16"]
[Round "?"]
[White "Slivovitz"]
[Black "Hossa"]
[Result "0-1"]
[WhiteElo "2156"]
[BlackElo "2397"]
[PlyCount "114"]
[EventDate "1999.??.??"]

1. e4 e5 2. Nf3 Nc6 3. Bc4 Bc5 4. d3 Nge7 5. Nc3 Bb4 6. Bd2 f6 7. Nd5 Bxd2+ 8.
Nxd2 Nxd5 9. Bxd5 Nb4 10. Bb3 Qe7 11. a3 Nc6 12. O-O d6 13. Nf3 Bg4 14. c3 f5
15. h3 fxe4 16. hxg4 exf3 17. Qxf3 O-O-O 18. Bd5 Rhf8 19. Qe2 Qh4 20. b4 Ne7
21. Be6+ Kb8 22. f3 Rf6 23. Bb3 Rh6 24. Qe1 Qh2+ 25. Kf2 Rf6 26. Rh1 Qf4 27.
Ke2 h6 28. Qd2 Qg3 29. Rag1 Ng6 30. Kd1 Nf4 31. Kc2 Re8 32. Kb2 d5 33. Bc2 Rd8
34. Qd1 Rd7 35. Qf1 Re7 36. Qd1 c6 37. Qf1 Re8 38. Qd1 Qf2 39. Qf1 Qxf1 40.
Rxf1 Nxg2 41. Rhg1 Ne3 42. Rf2 Ref8 43. Rg3 Nxc2 44. Kxc2 e4 45. dxe4 dxe4 46.
f4 Rxf4 47. Rxf4 Rxf4 48. g5 Rf2+ 49. Kb3 h5 50. Re3 Rf4 51. Rh3 g6 52. Re3 b5
53. Kc2 Kc7 54. Kb3 Kd6 55. c4 Rf3 56. c5+ Ke6 57. Rxf3 57... exf3 {
Slivovitz resigns} 0-1

[Event "ICS rated blitz match"]
[Site "204.178.125.65"]
[Date "1999.08.16"]
[Round "?"]
[White "Hossa"]
[Black "Masturbed"]
[Result "1-0"]
[WhiteElo "2403"]
[BlackElo "2200"]
[PlyCount "25"]
[EventDate "1999.??.??"]

1. d4 d5 2. c4 dxc4 3. e4 e5 4. Nf3 exd4 5. Bxc4 Be6 6. Bxe6 fxe6 7. Nxd4 e5 8.
Qh5+ Kd7 9. Qf5+ Kd6 10. Qe6+ Kc5 11. Nb3+ Kb5 12. Nc3+ Kb4 13. a3# {
Masturbed checkmated} 1-0